<?xml version="1.0" encoding="UTF-8"?>
<record
    xmlns:xsi="http://www.w3.org/2001/XMLSchema-instance"
    xsi:schemaLocation="http://www.loc.gov/MARC21/slim http://www.loc.gov/standards/marcxml/schema/MARC21slim.xsd"
    xmlns="http://www.loc.gov/MARC21/slim">

  <leader>00617nam a22001577a 4500</leader>
  <controlfield tag="005">20170523110943.0</controlfield>
  <controlfield tag="008">170523b        xxu||||| |||| 00| 0 eng d</controlfield>
  <datafield tag="020" ind1=" " ind2=" ">
    <subfield code="a">9789699368110</subfield>
  </datafield>
  <datafield tag="040" ind1=" " ind2=" ">
    <subfield code="c">PK-LaUMT</subfield>
  </datafield>
  <datafield tag="082" ind1=" " ind2=" ">
    <subfield code="a">UMT 297.14</subfield>
    <subfield code="b">NAJ-S</subfield>
  </datafield>
  <datafield tag="100" ind1=" " ind2=" ">
    <subfield code="a">Najmuddin Siraj =  &#x646;&#x62C;&#x645; &#x627;&#x644;&#x62F;&#x6CC;&#x646; &#x633;&#x631;&#x627;&#x62C;</subfield>
  </datafield>
  <datafield tag="245" ind1=" " ind2=" ">
    <subfield code="a">Shah Wali Allah Rehmatullah Aleih  ka nazriyah ijtahad wa taqleed =&#x634;&#x627;&#x6C1; &#x648;&#x644;&#x6CC; &#x627;&#x644;&#x644;&#x6C1; &#x631;&#x62D;&#x645;&#x6C3;&#x627;&#x644;&#x644;&#x6C1; &#x639;&#x644;&#x6CC;&#x6C1; &#x6A9;&#x627; &#x646;&#x638;&#x631;&#x6CC;&#x6C1; &#x627;&#x62C;&#x62A;&#x6C1;&#x627;&#x62F; &#x648; &#x62A;&#x642;&#x644;&#x6CC;&#x62F; /</subfield>
    <subfield code="c">Najmuddin Siraj =  &#x646;&#x62C;&#x645; &#x627;&#x644;&#x62F;&#x6CC;&#x646; &#x633;&#x631;&#x627;&#x62C;</subfield>
  </datafield>
  <datafield tag="260" ind1=" " ind2=" ">
    <subfield code="a">&#x644;&#x627;&#x6C1;&#x648;&#x631;:</subfield>
    <subfield code="b">&#x6CC;&#x648; &#x627;&#x6CC;&#x645; &#x679;&#x6CC; &#x67E;&#x631;&#x6CC;&#x633;&#x60C;</subfield>
    <subfield code="c">2015</subfield>
  </datafield>
  <datafield tag="300" ind1=" " ind2=" ">
    <subfield code="a">229 &#x635;</subfield>
  </datafield>
  <datafield tag="942" ind1=" " ind2=" ">
    <subfield code="c">BK</subfield>
  </datafield>
  <datafield tag="999" ind1=" " ind2=" ">
    <subfield code="c">93944</subfield>
    <subfield code="d">93944</subfield>
  </datafield>
  <datafield tag="952" ind1=" " ind2=" ">
    <subfield code="0">0</subfield>
    <subfield code="1">0</subfield>
    <subfield code="4">0</subfield>
    <subfield code="7">0</subfield>
    <subfield code="a">01</subfield>
    <subfield code="b">01</subfield>
    <subfield code="d">2017-05-23</subfield>
    <subfield code="l">1</subfield>
    <subfield code="o">UMT 297.14 NAJ-S</subfield>
    <subfield code="p">109273</subfield>
    <subfield code="r">2019-01-08 00:00:00</subfield>
    <subfield code="s">2018-12-22</subfield>
    <subfield code="w">2017-05-23</subfield>
    <subfield code="y">BK</subfield>
  </datafield>
  <datafield tag="952" ind1=" " ind2=" ">
    <subfield code="0">0</subfield>
    <subfield code="1">0</subfield>
    <subfield code="4">0</subfield>
    <subfield code="7">0</subfield>
    <subfield code="a">01</subfield>
    <subfield code="b">01</subfield>
    <subfield code="d">2019-10-18</subfield>
    <subfield code="l">2</subfield>
    <subfield code="o">UMT 297.14 NAJ-S</subfield>
    <subfield code="p">132057</subfield>
    <subfield code="r">2021-08-10 00:00:00</subfield>
    <subfield code="s">2021-08-04</subfield>
    <subfield code="t">C. 2</subfield>
    <subfield code="w">2019-10-18</subfield>
    <subfield code="y">BK</subfield>
  </datafield>
</record>
